000 00443nam a2200145Ia 4500
008 210210b1992 xxu||||| |||| 00| 0 eng d
020 _a81 204 0729 6
082 _a371.4 JOSC
100 _aJOSEPH (Jerome) and RAO (T V).
245 _aCareer planning and programming policies: the Indian experience.
260 _aNew Delhi.
_bOxford & IBH Publishing Co Pvt Ltd.,
_c1992
300 _a213
690 _aCareer & Counselling
906 _a047454
999 _c96350
_d96350